| 000 | 01060nam a22002777a 4500 | ||
|---|---|---|---|
| 003 | URS | ||
| 005 | 20240416181522.0 | ||
| 008 | 240203b |||||||| |||| 00| 0 eng d | ||
| 100 |
_aBaluyot, Riza Mae L. _eauthor |
||
| 245 |
_aPoint of Sale and Stock Monitoring System for Star Fabric Accessories Trading in Taytay, Rizal _cRiza Mae L. Baluyot |
||
| 260 | _c2023 | ||
| 300 |
_axiii, 110 leaves _c28 cm. |
||
| 336 |
_2rdacontent _atext |
||
| 337 |
_2rdamedia _aunmediated |
||
| 338 |
_2rdacarrier _avolume |
||
| 500 | _aUndergraduate Thesis | ||
| 502 |
_bBachelor of Science in Information Technology _cUniversity of Rizal System, Binangonan _d2023 |
||
| 504 | _aIncludes biographical references | ||
| 700 |
_aVillareal, Christine Joy L. _eauthor |
||
| 700 |
_aLibardo III, Fernando C. _eauthor |
||
| 700 |
_aMacapanas, Luren B. _eauthor |
||
| 700 |
_aSanchez, Marie Joy E. _eauthor |
||
| 700 |
_aYves Xavier S. Candelaria, MSIT _eadviser |
||
| 856 |
_3Online Request for Student Unpublished Works _uhttps://forms.gle/7LqvGGkaDrUQqz429 |
||
| 942 |
_2lcc _cT |
||
| 999 |
_c74018 _d74017 |
||